Strategic factors leading to better competitive position on the market

Strategické faktory, ktoré vedú k lepšej konkurenčnej pozícii na trhu. Skúmaných bolo 382 spoločností v rokoch 2012/2013 pri použití induktívnych štatistických metód.

Gespeichert in:
Bibliographische Detailangaben
1. Verfasser: Zagoršek, Branislav, 1984-
Format: Buchkapitel
Sprache:Englisch
Schlagworte:
Tags: Tag hinzufügen
Keine Tags, Fügen Sie das erste Tag hinzu!

MARC

LEADER 00000nla$a2200000$$$4500
001 0226608
005 20240502073730.2
041 0 |a eng 
044 |a SK 
245 1 0 |a Strategic factors leading to better competitive position on the market  |c Branislav Zagoršek 
520 |a Strategické faktory, ktoré vedú k lepšej konkurenčnej pozícii na trhu. Skúmaných bolo 382 spoločností v rokoch 2012/2013 pri použití induktívnych štatistických metód. 
610 2 0 |a stratégia podnikateľská 
610 2 0 |a stratégia podniková 
610 2 0 |a trhy 
610 2 0 |a konkurencia trhová 
610 2 0 |a konkurencieschopnosť 
610 2 0 |a vyjednávanie 
610 2 0 |a informatizácia 
100 1 |a Zagoršek, Branislav, 1984-